| 000 | 00672nam a2200205 a 4500 | ||
|---|---|---|---|
| 005 | 20230524063905.0 | ||
| 008 | 021105s19911997mx r 000 0 spa d | ||
| 020 | _a8487118550 | ||
| 035 | _aUPN01000120752 | ||
| 049 | _aCG | ||
| 050 | 4 |
_aBF723 C5 _bV5.5 |
|
| 100 | 1 | _aViera, Ana María | |
| 245 | 1 | 0 |
_aMatemáticas y medio : _bideas para favorecer el desarrollo cognitivo infantil / _cAna Ma. Viera. |
| 260 |
_aSevilla, Esp. : _bDíada, _c1991 (1997 impr.). |
||
| 300 | _a81 p. | ||
| 440 | 0 |
_aInvestigación y enseñanza. _pPráctica ; _v5 |
|
| 650 | 2 |
_aDesarrollo cognoscitivo _95390 |
|
| 650 | 4 |
_aMatemáticas _xEstudio y enseñanza (Elemental) _92809 |
|
| 905 | _aLibro | ||
| 999 |
_c93086 _d93086 |
||